Normal view MARC view
  • DISCOVERING COMPUTERS 2005

Entry Topical Term

Number of records used in: 1

001 - CONTROL NUMBER

  • control field: 80595

003 - CONTROL NUMBER IDENTIFIER

  • control field: NUST

005 - DATE AND TIME OF LATEST TRANSACTION

  • control field: 20210628210709.0

008 - FIXED-LENGTH DATA ELEMENTS

  • fixed length control field: 210628|| aca||aabn | a|a d

040 ## - CATALOGING SOURCE

  • Original cataloging agency: NUST
  • Transcribing agency: NUST

150 ## - HEADING--TOPICAL TERM

  • Topical term or geographic name entry element: DISCOVERING COMPUTERS 2005

670 ## - SOURCE DATA FOUND

  • Source citation: Work cat.: (NUST): Shelly, Gary B,Cashman, Thomas J,Vermaat, Misty E 60870, Discovering computers 2005,a getway to information web enhanced, 2004
© 2023 Central Library, National University of Sciences and Technology. All Rights Reserved.